| 000 | 00864nam a22001937a 4500 | ||
|---|---|---|---|
| 005 | 20260121163319.0 | ||
| 010 | _aB-777905 | ||
| 020 |
_a9789382903291 _c225.00 |
||
| 035 | _aB-777905 | ||
| 037 | _bउपहार | ||
| 082 | _aक | ||
| 100 |
_aभण्डारी, विमला _986772 |
||
| 245 |
_aप्रेरणादायक बाल कहनियाँ/ _cविमला भण्डारी |
||
| 260 |
_aजयपुर _bकारवी प्रकाशन _c2023 |
||
| 270 |
_a9, सतीजी की बगीची, मोतीडूँगरी रोड़ _bजयपुर(राज.) |
||
| 300 |
_a80 पृ _c22 सेमी (सजिल्द) _bसचित्र |
||
| 942 |
_adpl _cCH _2ddc _hक _mभण्डारी |
||
| 999 |
_c214426 _d214426 |
||